000 00543nam a2200193Ia 4500
005 20260114185638.0
008 008 260114s9999 xx 000 0 eng d
020 _a9781474285452
037 _aEBOOK
040 _aCRL
_beng
_cCRL
041 _aeng
_2eng
084 _qCRL
100 _aAlan S. Milward
_9872634
245 4 _aThe German Economy at War
260 _bBloomsbury
_c2015
856 _uhttps://doi.org/10.5040/9781474285452?locatt=label:secondary_bloomsburyCollections
942 _cEBOOK
999 _c1471582
_d1471582